000 00622nam a2200193 i 4500
001 96306
003 ES-MaACL
005 20230906181903.0
007 t|
008 050615s1977 ck ||||1| spa d
020 _a968-858-020-1
100 1 _aMahan, Bruce H.
_975525
245 1 0 _aQuímica
_b: curso universitario /
_cBruce H. Mahan; versión en español de Gladys Yong de Banchero...[et al.].
250 _a2ª ed.
260 _aBogotá :
_bFondo educativo interamericano,
_c1977.
300 _aXV, 813 p. :
_bil. ;
_c23 cm.
700 1 _aYong de Banchero, Gladys.
_9117662
852 _aES-MaACL
_jL-11415
_bR.113139
999 _c96306
_d96306